01742nam a2200457 4500001001400000005001700014008004100031020003500072040003200107041000800139044001100147072006300158080001600221080001400237080002500251080001800276080002200294100003400316245012900350250001500479264006100494300003500555336002600590337002900616338002900645500012100674610004800795648001900843650003800862650003000900650003700930650006200967650003901029650003801068651002101106651002301127655003501150655003601185700002501221700003801246vtls01201850120211029115804.0210317s2020 xo o g 000 0dslo  a9788089791170q(brožované) aTTKJFbslodTTKJFerdacrda0 aslo axocSK 7a061.2xMimovládne organizácie a kooperácia2konspekt a061.222011 a33422011 a343.851:343.3522011 a(437.6)22011 a(048.8:082)220111 aKostelanský, Ľuboš4aut1 aMoc korupciebzákulisie nášho boja za lepšie SlovenskocĽuboš Kostelanský, Michal Piško, Gabriel Šípoš a1. vydanie 1a[Bratislava]bTransparency International Slovenskoc2020 a207 stránbfotografiec24 cm atextbtxt2rdacontent abez médiabn2rdamedia azväzokbnc2rdacarrier aObsahuje biografické údaje niektorých zakladateľov a spolupracovníkov Transparency International Slovensko10aTransparency International Slovensko2SNKPH 7aod 19982SNKPH07amimovládne organizácie2SNKPH07aboj proti korupcii2SNKPH07aneziskové organizácie2SNKPH07aNon-governmental institutions and organizations2SNKPHeng07aPrevention of corruption2SNKPHeng07aNonprofit organizations2SNKPHeng 7aSlovensko2SNKPH 7aSlovakia2SNKPHeng 7akolektívne monografie2SNKPH 7aCollective monographs2SNKPHeng1 aPiško, Michal4aut1 aŠípoš, Gabriel,d1974-4aut